Statistics for Pitch Perfect Songs

Click here to take the quiz!

General Stats

  • This quiz has been taken 955 times
  • The average score is 9 of 15

Answer Stats

HintAnswer% Correct
i got my ______ for the long way roundticket
92%
like a virgin ______ for the very first timetouched
79%
keep your ____ uphead
76%
i may be bad but im ________ good at itperfectly
76%
bright lights in the ___ citybig
73%
its not about the _____, _____, _____money
71%
i like the way you work it __ _______no diggity
68%
close your eyes, give me your hand _______darling
64%
so ___ it whiplet
61%
give me __________ tonighteverything
60%
evertyime i touch that ____ it turns into goldtrack
56%
here the thing we started off _______friends
55%
stars look like theyre not _______shining
54%
wont you come see _____ meabout
38%
ghost town and ________ lovehaunted
15%

Score Distribution

Percentile by Number Answered

Percent of People with Each Score

Your Score History

You have not taken this quiz